Statistics for Most popular baby boy names in Spain

Click here to take the quiz!

General Stats

  • This quiz has been taken 3,396 times
  • The average score is 10 of 27

Answer Stats

Answer% Correct
Juan
86%
Carlos
70%
Pablo
60%
David
56%
Miguel
54%
Daniel
51%
Antonio
50%
Javier
48%
Alejandro
47%
Jorge
43%
Manuel
39%
Diego
38%
Sergio
32%
Lucas
31%
Victor
31%
Mario
30%
Marcos
29%
Raul
26%
Iker
23%
Samuel
22%
Alvaro
22%
Adrian
19%
Nicolas
18%
Hugo
17%
Ivan
15%
Ruben
11%
Aitor
6%

Score Distribution

Percentile by Number Answered

Percent of People with Each Score

Your Score History

You have not taken this quiz